00302nam a2200121Ia 4500008004100000100002100041245004400062260002900106300000900135650001400144942000700158999001500165190216s9999||||xx |||||||||||||| ||und|| aDelbert A Snider 0aIntroduction To International Economics bSurjeet Pubs.Delhic1987 a454p aEconomics cBK c9782d9782